El dios de las pequeñas cosas (Registro nro. 39520)

Detalles MARC
000 -CABECERA
Longitud fija campo de control 00659nam a2200217Ii 4500
003 - IDENTIFICADOR DEL NUMERO DE CONTROL
Identificador del número de control CO-ViMGA
008 - CODIGOS DE INFORMACION DE LONGITUD FIJA
Códigos de información de longitud fija 241108s9999||||xx |||||||||||||| ||und||
020 ## - NUMERO INTERNACIONAL NORMALIZADO PARA LIBROS
Número Internacional Normalizado para Libros (ISBN) 8433966715
040 ## - FUENTE DE LA CATALOGACION
Centro catalogador de origen CO-ViMGA
Lengua de catalogación spa
Normas de descripción rda
Centro transcriptor CO-ViMGA
041 0# - CODIGO DE LENGUA
Código de lengua del texto/banda sonora o título independiente spa
084 ## - Clasificación Local Alfanúmerica PNLB
Número de clasificación N ROY1
100 1# - PUNTO DE ACCESO PRINCIPAL-NOMBRE DE PERSONA
Nombre de persona Arundhati Roy
245 10 - TITULO PROPIAMENTE DICHO
Título El dios de las pequeñas cosas
264 #1 - PRODUCCION, PUBLICACION , DISTRIBUCION, FABRICACION Y COPYRIGHT
Lugar de producción, publicación, distribución, fabricación [Lugar de publicación no identificado] : Anagrama, [Fecha de publicación no identificada]
300 ## - DESCRIPCION FISICA
Extensión volumen
336 ## - TIPO DE CONTENIDO
Término de tipo de contenido text
Código de tipo de contenido txt
Fuente rdacontent
337 ## - TIPO DE MEDIO
Nombre del tipo de medio unmediated
Código del tipo de medio n
Fuente rdamedia
338 ## - TIPO DE SOPORTE
Nombre del tipo de soporte volume
Código del tipo de soporte nc
Fuente rdacarrier
940 ## -
T&íacute;tulo uniforme <a href="idficha_siabuc: 15469. -- ficha_no_siabuc:15785">idficha_siabuc: 15469. -- ficha_no_siabuc:15785</a>
Existencias
Perdido Estado Físico No para pr&eacute;stamo Forma de adquisición Localizaci&oacute;n permanente Localizaci&oacute;n actual Localización en estanterías Fecha adquisici&oacute;n Signatura completa C&oacute;digo de barras Fecha &uacute;ltima consulta N&uacute;mero de copia Fecha del precio de reemplazo Tipo de item de Koha Note p&uacute;blica
      Sala General Biblioteca Pública Departamental Eduardo Carranza - Villavicencio Biblioteca Pública Departamental Eduardo Carranza - Villavicencio General 06/07/2012 N ROY1 ECA20917 11/25/2024 Ej.1 11/25/2024 LIbro 15469 | 20192









Instituto Departamental de Cultura del Meta - Red Departamental de Bibliotecas Públicas del Meta.